|
|
|
|
| LEADER |
01299nam a2200265 a 4500 |
| 001 |
1241101 |
| 008 |
090827s1972 nyua b 001 0 eng d |
| 010 |
|
|
|a 71184934
|
| 020 |
|
|
|a 006042575X
|
| 040 |
|
|
|a DLC
|c DLC
|d DLC
|
| 082 |
0 |
0 |
|a 910
|2 16
|
| 100 |
1 |
|
|a Haggett, Peter.
|
| 245 |
1 |
0 |
|a Geography :
|b a modern synthesis /
|c Peter Haggett.
|
| 260 |
|
|
|a New York,
|b Harper & Row
|c 1972
|
| 300 |
|
|
|a xx, 626 p.
|b illus.
|c 24 cm.
|
| 490 |
0 |
|
|a Harper & Row series in geography
|
| 504 |
|
|
|a Includes bibliographies.
|
| 541 |
1 |
|
|e 00015333
|
| 650 |
|
0 |
|a Geography.
|
| 852 |
4 |
|
|a Ayesha Abed Library
|j General shelf
|
| 999 |
|
|
|c 3929
|d 3929
|
| 952 |
|
|
|0 0
|1 0
|2 ddc
|4 1
|6 910_000000000000000_HAG_1975
|7 0
|8 NFIC
|9 3572
|a BRACUL
|b BRACUL
|c SPS
|d 2009-09-15
|l 0
|o 910 HAG
|p 3010015333
|r 2009-09-15
|t 1
|w 2009-09-15
|y BK
|
| 952 |
|
|
|0 0
|1 0
|2 ddc
|4 1
|6 910_000000000000000_HAG_1975
|7 0
|8 NFIC
|9 10013
|a BRACUL
|b BRACUL
|c SPS
|d 2010-05-10
|l 0
|o 910 HAG
|p 3010015334
|r 2010-05-10
|t 2
|w 2010-05-10
|y BK
|
| 952 |
|
|
|0 0
|1 0
|2 ddc
|4 1
|6 910_000000000000000_HAG_1975
|7 0
|8 NFIC
|9 10014
|a BRACUL
|b BRACUL
|c SPS
|d 2010-05-10
|l 3
|m 1
|o 910 HAG
|p 3010015335
|r 2017-05-02
|s 2017-01-03
|t 3
|w 2010-05-10
|y BK
|
| 952 |
|
|
|0 0
|1 0
|2 ddc
|4 1
|6 910_000000000000000_HAG_1975
|7 0
|8 NFIC
|9 10015
|a BRACUL
|b BRACUL
|c SPS
|d 2010-05-10
|l 1
|m 10
|o 910 HAG
|p 3010015336
|r 2015-05-11
|s 2012-05-23
|t 4
|w 2010-05-10
|y BK
|